| 000 | 00442nam a2200181Ia 4500 | ||
|---|---|---|---|
| 001 | 5022 | ||
| 005 | 20260306145837.0 | ||
| 008 | 260306t2009||||xx |||||||||||||| ||spa|| | ||
| 041 | _aESP | ||
| 082 |
_a332.66 _bR71 |
||
| 100 |
_aRoberts, Richard _eAUT |
||
| 245 | 0 |
_aWall street: _bmercados, mecanismos y participantes |
|
| 260 | _c2009 | ||
| 300 |
_a252 páginas : _c22 cm. |
||
| 650 | _aGEN | ||
| 654 | _aCAN | ||
| 942 |
_cLIB _dJUS _fJUS _2ddc _n |
||
| 999 |
_c5022 _d5022 |
||